=LDR 00000nam 2200000 4500 =001 INLIS000000000046341 =005 20150311111228.0 =006 =007 =008 =020 ##$$a 978-979-797-359-9 =035 ##$$0010-031500000000113 =040 ##$$a NBPDMAT =082 ##$$a 291.105.98 =090 ##$$a 291.105.98 $b sur s =100 ##$$a Haidlor Ali Ahmad =245 ##$$a survey nasional kerukunan umat baragama diindonesia $c editor Haidlor Ali Ahmad =260 ##$$a jakarta $b palitbang kehidupan keagamaan badan litbang dan diklat kementrian agama RI $c 2103 =300 ##$$a xxii, 62 hlm. $b ilus $c 21 cm. =500 ##$$a Bibliografi : hlm. 61-62 =700 ##$$a Haidlor Ali Ahmad =990 ##$$a 0001/BPAP-NTB/20142015